| 000 | 00805nam a2200217Ii 4500 | ||
|---|---|---|---|
| 003 | JO-AjNU | ||
| 008 | 230605s9999||||xx |||||||||||||| ||und|| | ||
| 017 | _a2003/18146 | ||
| 040 |
_aJO-AjNU _bara _erda _cJO-AjNU |
||
| 041 | _aara | ||
| 050 | 1 | 4 | _aD116.M836 2004 |
| 100 | 3 |
_aالمغربي، محمد عبد القادر, _eauthor _910508 |
|
| 245 | 0 | 0 | _aالعصور الوسطى الاوروبية: رؤية في المصادر والنصوص التاريخية وعمليات التعليق والترجمة |
| 250 | _aط1 | ||
| 264 | 3 | 1 | _aالاسكندرية: دار الوفاء، 2004 |
| 300 | _a347ص | ||
| 336 |
_atext _btxt _2rdacontent |
||
| 337 |
_aunmediated _bn _2rdamedia |
||
| 338 |
_avolume _bnc _2rdacarrier |
||
| 650 | 4 |
_aحضارة -- تاريخ -- العصورالوسطى _910509 |
|
| 999 |
_aA1841 _c5409 _d5409 |
||